00890nam a2200217 a 4500001001000000003000400010005001700014008004100031040002500072082001700097245006900114260006100183300002000244590002700264610005100291650007900342910003700421942001400458952018300472999001700655000034189OSt20201117114804.0110927s1910 dr 000 0 spa d aDO-SdBNPbspacBNPHU 4a373.19bE74n00aEscuela normal de la Vega :bprograma instrucciones, reglamento. a[Santo Domingo] :bImp. de Jesús Martínez B.,c1910. a41 p. ;c23 cm. aInventariado, 2018 /LP24aEscuela Normal de La Vega xCurrículo977276 4aEscuelas normaleszRepública DominicanazConcepción de la Vega 977277 aValidado. Control de calidad MFF 2ddccLBS1 00102ddc718PDaBNPHUbPDcHDd2011-09-27l0oBNPHU PD-RV 373.19 E74np34189-10r2020-06-25w2020-06-25yLFPDzPerteneció a la biblioteca personal de Carlos Larrazabal Blanco c33680d33680